000 00641nam a2200253Ia 4500
003 OSt
005 20221007104015.0
006 a|||||r|||| 00| 0
007 ta
008 221006b |||||||| |||| 00| 0 eng d
020 _a0421270608
024 _a14,631
037 _cTextual
040 _aLCO
_cLCO
_beng
041 _2eng
_aeng
082 _aZ2,9298, M3
100 _aCraig P.P.
_9690784
245 0 _aAdministrative Law
260 _aLondon
_bSweet & Maxwell UK
_c1983
300 _a636
650 _aADMINISTRATIVE LAW
_9681514
942 _hZ2,9298, M3
_cTEXL
999 _c1184194
_d1184194